000 00278nam a2200121Ia 4500
008 190216s9999||||xx |||||||||||||| ||und||
100 _aGulab Simh
245 0 _aHindi-Bams-Ban Aur Bamsuri
260 _bAlpana Prakashan
_c2008
300 _a108
650 _aHindi
942 _cBK
999 _c16544
_d16544